[Event "29th Czech Open A 2018"]
[Site "Pardubice CZE"]
[Date "2018.07.22"]
[Round "3.31"]
[White "Yagupov, Igor"]
[Black "Hasangatin, Ramil"]
[Result "1-0"]
[WhiteTitle "GM"]
[BlackTitle "GM"]
[WhiteElo "2349"]
[BlackElo "2497"]
[WhiteFideId "4113632"]
[BlackFideId "4122160"]
[EventDate "2018.07.20"]

1. e4 Nc6 2. Nf3 d6 3. d4 Nf6 4. Nc3 g6 5. d5 Nb8 6. h3 Bg7 7. Be2 O-O 8. O-O c6
9. a4 a5 10. Be3 Na6 11. Nd2 Nc5 12. f4 cxd5 13. exd5 b6 14. Bb5 Bb7 15. Nc4 Ne8
16. Bd4 Bxd4+ 17. Qxd4 Nf6 18. Rae1 Ba6 19. b3 Bxb5 20. Nxb5 Re8 21. Re3 Qb8 22.
Rfe1 Qb7 23. Nbxd6 Qxd5 24. Qxd5 Nxd5 25. Re5 f6 26. Rxd5 exd6 27. Rxe8+ Rxe8
28. Rxd6 Re1+ 29. Kh2 Re2 30. Rxf6 Rxc2 31. Rxb6 Nxb3 32. Ne3 Rc3 33. Nd5 Rd3
34. Nf6+ Kg7 35. Ng4 Nc5 36. Rb5 Nxa4 37. Rxa5 Nb6 38. Ne5 Rd4 39. Ra7+ Kg8 40.
Rb7 Na4 41. Kg3 Nc5 42. Rb8+ Kg7 43. Kf3 Ra4 44. Rb5 Ra3+ 45. Kg4 Ne4 46. Rb7+
Kg8 47. Kh4 Ra2 48. Rb4 Nd6 49. g4 Ra7 50. Rd4 Nf7 51. Nd7 Kg7 52. Nc5 Ra5 53.
Ne6+ Kf6 54. Nc7 h6 55. Rb4 g5+ 56. fxg5+ hxg5+ 57. Kh5 Ra3 58. Rb6+ Ke7 59.
Nd5+ Kf8 60. Kg6 Nh8+ 61. Kxg5 Rxh3 62. Nf4 Rf3 63. Rb8+ Kg7 64. Nh5+ 1-0

[Event "29th Czech Open A 2018"]
[Site "Pardubice CZE"]
[Date "2018.07.22"]
[Round "3.32"]
[White "Simacek, Pavel"]
[Black "Kathmale, Sameer"]
[Result "1-0"]
[WhiteTitle "GM"]
[BlackTitle "IM"]
[WhiteElo "2490"]
[BlackElo "2323"]
[WhiteFideId "307165"]
[BlackFideId "5024498"]
[EventDate "2018.07.20"]

1. e4 c6 2. d4 d5 3. Nc3 dxe4 4. Nxe4 Bf5 5. Ng3 Bg6 6. h4 h6 7. Nf3 e6 8. Ne5
Bh7 9. Qh5 Qc7 10. c3 Nf6 11. Qf3 Nbd7 12. Nxd7 Qxd7 13. Bxh6 gxh6 14. Qxf6 Rg8
15. Qf3 O-O-O 16. Nh5 Be7 17. Nf6 Bxf6 18. Qxf6 Rg6 19. Qe5 f6 20. Qa5 b6 21.
Qa6+ Kb8 22. O-O-O Qd5 23. b3 Rg4 24. Qe2 Qf5 25. Kb2 e5 26. dxe5 Rxd1 27. Qxd1
Qxf2+ 28. Ka1 Rg7 29. Ba6 1-0

[Event "29th Czech Open A 2018"]
[Site "Pardubice CZE"]
[Date "2018.07.22"]
[Round "3.33"]
[White "Chovan, Milan"]
[Black "Belyakov, Bogdan"]
[Result "0-1"]
[WhiteTitle "FM"]
[BlackTitle "IM"]
[WhiteElo "2331"]
[BlackElo "2489"]
[WhiteFideId "14933691"]
[BlackFideId "24104795"]
[EventDate "2018.07.20"]

1. d4 d5 2. c4 dxc4 3. Nf3 a6 4. e3 Bg4 5. Bxc4 e6 6. O-O Nf6 7. h3 Bh5 8. Be2
Nc6 9. Nc3 Bd6 10. b3 Nd5 11. Bb2 O-O 12. Nxd5 exd5 13. Ne5 Bxe2 14. Nxc6 Qe8
15. Qxe2 Qxc6 16. Rfc1 Qd7 17. e4 dxe4 18. Qxe4 c6 19. d5 c5 20. Re1 Rfd8 21.
Rad1 b5 22. Qf3 Rac8 23. Re4 Bf8 24. Rg4 Re8 25. Rg5 h6 26. Rh5 Qd6 27. Rf5 Rc7
28. Bc1 Rce7 29. Bf4 Qd7 30. Bg3 Re2 31. Kh2 Bd6 32. Bxd6 Qxd6+ 33. Qf4 Qxf4+
34. Rxf4 Rxa2 35. d6 Rd8 36. Rf3 Re2 37. Kg3 Re6 38. Rfd3 Rd7 39. Rd5 g6 40. f3
Kg7 41. h4 Kf6 42. Kf4 c4 43. bxc4 bxc4 44. g4 c3 45. g5+ Kg7 46. Rc5 Rdxd6 47.
Rxd6 Rxd6 48. Rxc3 a5 49. Ra3 Rd4+ 50. Ke3 Rd5 51. Kf4 Rb5 52. gxh6+ Kxh6 53.
Kg3 Kg7 54. f4 Kh6 55. Kg4 f6 56. Ra4 Rb3 57. h5 f5+ 58. Kh4 Rb4 59. Rxa5 Rxf4+
60. Kg3 Rg4+ 0-1

[Event "29th Czech Open A 2018"]
[Site "Pardubice CZE"]
[Date "2018.07.22"]
[Round "3.34"]
[White "Vusatiuk, Vladimir"]
[Black "Caspi, Israel"]
[Result "1/2-1/2"]
[WhiteTitle "IM"]
[BlackTitle "IM"]
[WhiteElo "2321"]
[BlackElo "2484"]
[WhiteFideId "14118610"]
[BlackFideId "2807394"]
[EventDate "2018.07.20"]

1. e4 d5 2. exd5 Qxd5 3. Nc3 Qd6 4. d4 Nf6 5. Nf3 g6 6. g3 Bg7 7. Bg2 Qa6 8. Bf4
c6 9. Qd2 O-O 10. Bh6 Bf5 11. Bxg7 Kxg7 12. Nh4 Be6 13. f4 Nbd7 14. f5 Bc4 15.
g4 Nxg4 16. b3 Bd5 17. Rg1 Ngf6 18. O-O-O e6 19. Kb2 exf5 20. Nxf5+ Kh8 21. Qh6
Rg8 22. Ne7 Bxg2 23. Rxg2 Rg7 24. Nf5 Rgg8 25. Ne7 Rg7 26. Nf5 Rgg8 1/2-1/2

[Event "29th Czech Open A 2018"]
[Site "Pardubice CZE"]
[Date "2018.07.22"]
[Round "3.35"]
[White "Galperin, Platon"]
[Black "Gasanov, Eldar"]
[Result "1/2-1/2"]
[BlackTitle "GM"]
[WhiteElo "2320"]
[BlackElo "2475"]
[WhiteFideId "14165414"]
[BlackFideId "14104466"]
[EventDate "2018.07.20"]

1. Nf3 c5 2. c4 g6 3. d4 cxd4 4. Nxd4 Nc6 5. e4 Nf6 6. Nc3 d6 7. Be2 Bg7 8. Be3
O-O 9. O-O Bd7 10. Qd2 Nxd4 11. Bxd4 Bc6 12. f3 a5 13. b3 Nd7 14. Be3 Nc5 15.
Rab1 Be5 16. a3 e6 17. b4 axb4 18. axb4 1/2-1/2

[Event "29th Czech Open A 2018"]
[Site "Pardubice CZE"]
[Date "2018.07.22"]
[Round "3.36"]
[White "Neverov, Valeriy"]
[Black "Salimova, Nurgyul"]
[Result "1-0"]
[WhiteTitle "GM"]
[BlackTitle "FM"]
[WhiteElo "2473"]
[BlackElo "2317"]
[WhiteFideId "14100150"]
[BlackFideId "2915138"]
[EventDate "2018.07.20"]

1. d4 Nf6 2. c4 e6 3. Nf3 d5 4. Bg5 c6 5. Nbd2 Be7 6. e3 O-O 7. Bd3 Nbd7 8. O-O
h6 9. Bh4 c5 10. Rc1 cxd4 11. Nxd4 Ne5 12. Be2 Ng6 13. Bg3 Bd6 14. cxd5 Bxg3 15.
hxg3 Nxd5 16. Nc4 Qf6 17. Bf3 Rd8 18. Qb3 Ne5 19. Nxe5 Qxe5 20. Rc5 Qd6 21. Rfc1
b6 22. Rc6 Qf8 23. Nb5 Bd7 24. Bxd5 exd5 25. Rc7 Bxb5 26. Qxb5 Rac8 27. Qa4 Rxc7
28. Rxc7 a5 29. Qd4 Rd6 30. g4 Qd8 31. Rc3 Rg6 32. Qf4 Rf6 33. Qd4 Rg6 34. Qf4
Rf6 35. Qe5 Re6 36. Qf5 g6 37. Qc2 Re8 38. Qd1 Qg5 39. Rd3 Qf6 40. Qd2 Qe6 41.
Rd4 Kh7 42. Qd1 Qf6 43. b3 Rc8 44. a4 Rc3 45. Rxd5 Qe6 46. Qd4 Rc1+ 47. Kh2 Qe7
48. Kg3 Rc6 49. Rd7 Qe6 50. Rd8 Qf6 51. Qxf6 Rxf6 52. Rd5 Rc6 53. Rb5 Kg7 54. f4
Kf6 55. Kf3 Ke6 56. g5 hxg5 57. g3 gxf4 58. gxf4 f6 1-0

[Event "29th Czech Open A 2018"]
[Site "Pardubice CZE"]
[Date "2018.07.22"]
[Round "3.37"]
[White "Biolek, Richard Jr."]
[Black "Garayev, Kanan"]
[Result "1/2-1/2"]
[WhiteTitle "IM"]
[BlackTitle "FM"]
[WhiteElo "2469"]
[BlackElo "2300"]
[WhiteFideId "319996"]
[BlackFideId "13406671"]
[EventDate "2018.07.20"]

1. d4 d5 2. c4 dxc4 3. e3 e5 4. Bxc4 exd4 5. exd4 Nf6 6. Nf3 Bd6 7. Qe2+ Qe7 8.
Qxe7+ Bxe7 9. O-O O-O 10. Nc3 a6 11. Re1 Bd6 12. Bg5 Nbd7 13. Ne5 b5 14. Nxd7
Bxd7 15. Bb3 b4 16. Na4 Rfe8 17. Bxf6 gxf6 18. Re3 Rxe3 19. fxe3 Re8 20. Kf2 f5
21. g3 Kg7 22. Rc1 h5 23. Nc5 Bc8 24. h4 Kf6 25. Rg1 Bxc5 26. dxc5 Re5 27. Rc1
Be6 28. Ba4 Rd5 29. Ke2 Rd8 30. Bc2 a5 31. b3 a4 32. Bd3 axb3 33. axb3 Ra8 34.
Bc4 Ra2+ 35. Kd3 Rg2 36. Bxe6 fxe6 37. Rc4 Rxg3 38. Rxb4 e5 39. Ke2 Rg2+ 40. Kd3
Rg3 41. Ke2 Ke6 42. Rb7 c6 43. e4 fxe4 44. b4 Rb3 45. Rc7 Rxb4 46. Rxc6+ Kd5 47.
Rc8 Rb2+ 48. Ke3 Rb3+ 49. Ke2 e3 50. Kf3 e4+ 51. Ke2 Rc3 52. Rd8+ Ke5 53. Re8+
Kf4 54. Rf8+ Kg3 55. Re8 Rxc5 56. Rxe4 Rc2+ 57. Kxe3 Rh2 58. Ra4 Rxh4 59. Rxh4
Kxh4 60. Kf2 1/2-1/2

[Event "29th Czech Open A 2018"]
[Site "Pardubice CZE"]
[Date "2018.07.22"]
[Round "3.38"]
[White "Risting, Eivind Olav"]
[Black "Pacher, Milan"]
[Result "1/2-1/2"]
[WhiteTitle "FM"]
[BlackTitle "GM"]
[WhiteElo "2317"]
[BlackElo "2467"]
[WhiteFideId "1517333"]
[BlackFideId "14907445"]
[EventDate "2018.07.20"]

1. d4 d5 2. c4 e6 3. Nc3 Be7 4. Nf3 Nf6 5. Bf4 O-O 6. a3 Nbd7 7. Nb5 Ne8 8. e3
c6 9. Nc3 Nef6 10. h3 a6 11. c5 b5 12. Bd3 Ra7 13. O-O Nh5 14. Ne5 Nxe5 15.
Bxh7+ Kxh7 16. Qxh5+ Kg8 17. Bxe5 f6 18. Bg3 e5 19. b4 Rf7 20. Qd1 e4 21. f3
exf3 22. Qxf3 g5 23. a4 bxa4 24. Rxa4 Bf8 25. Rfa1 Rae7 26. Nd1 Qe8 27. R4a3 f5
28. Bd6 Re6 29. Bxf8 Rxf8 30. Nf2 f4 31. Ng4 fxe3 32. Qg3 e2 33. Ne5 Qh5 34. Rf3
Rxf3 35. Nxf3 Re4 36. Nxg5 e1=Q+ 37. Rxe1 Rxe1+ 38. Qxe1 Qxg5 39. Qe8+ Kg7 40.
Qxc8 Qe3+ 41. Kh1 Qc1+ 42. Kh2 Qf4+ 43. Kh1 Qf1+ 44. Kh2 Qf4+ 45. Kh1 Qf1+ 1/2-1/2

[Event "29th Czech Open A 2018"]
[Site "Pardubice CZE"]
[Date "2018.07.22"]
[Round "3.39"]
[White "Swayams, Mishra"]
[Black "Punin, Andrii"]
[Result "1-0"]
[WhiteTitle "IM"]
[BlackTitle "FM"]
[WhiteElo "2463"]
[BlackElo "2296"]
[WhiteFideId "5028183"]
[BlackFideId "14112639"]
[EventDate "2018.07.20"]

1. d4 Nf6 2. Nf3 d5 3. Bf4 c5 4. e3 Nc6 5. Nbd2 cxd4 6. exd4 Bf5 7. c3 e6 8. Nh4
Bg4 9. Qb3 Bd6 10. Bg3 Rb8 11. Bd3 Bh5 12. Nhf3 Bg6 13. Bxg6 hxg6 14. O-O Bxg3
15. hxg3 Ng4 16. Rfe1 Rh5 17. Nf1 Kd7 18. Ne3 Nxe3 19. fxe3 f5 20. c4 Ke7 21.
Rac1 Qb6 22. cxd5 Qxb3 23. axb3 exd5 24. b4 a6 25. b5 axb5 26. Rc5 Kd6 27. Rxb5
b6 28. Ra1 Rhh8 29. Ra6 Rhe8 30. Rbxb6 Rxb6 31. Rxb6 Kc7 32. Rb3 Ra8 33. Rb5
Ra1+ 34. Kf2 Rb1 35. Ne1 Ne7 36. Nd3 Rd1 37. Ke2 Rg1 38. Ne1 g5 39. Ra5 Kb7 40.
Kf2 Rh1 41. Nd3 Rd1 42. Nc5+ Kb6 43. Ra6+ Kb5 44. Ra7 Nc6 45. Rxg7 f4 46. Ke2
Rg1 47. gxf4 gxf4 48. Rb7+ Ka5 49. Kf2 Rb1 50. exf4 Nxd4 51. Nb3+ Ka6 52. Nc5+
Ka5 53. g4 Nb5 54. Nd3 Nc3 55. g5 Ne4+ 56. Kf3 Rg1 57. Rd7 Nxg5+ 58. fxg5 Rxg5
59. Rb7 d4 60. Ke4 Ka6 61. Rb4 Ka7 62. Kxd4 Rh5 63. Kc4 Rg5 64. Nc5 Rg6 65. Ra4+
Kb8 66. b4 Rh6 67. Kb5 Kc7 68. Ra6 Rh5 69. Rc6+ Kb8 70. Kb6 Rh8 71. Nd7+ Ka8 72.
Ka6 Rg8 73. Rc7 1-0

[Event "29th Czech Open A 2018"]
[Site "Pardubice CZE"]
[Date "2018.07.22"]
[Round "3.40"]
[White "Haria, Ravi"]
[Black "Claridge-Hansen, William"]
[Result "1-0"]
[WhiteTitle "IM"]
[BlackTitle "FM"]
[WhiteElo "2440"]
[BlackElo "2291"]
[WhiteFideId "415820"]
[BlackFideId "422509"]
[EventDate "2018.07.20"]

1. e4 c5 2. Nf3 g6 3. d4 cxd4 4. Qxd4 Nf6 5. Nc3 Nc6 6. Qa4 d6 7. e5 dxe5 8.
Nxe5 Qd4 9. Nxc6 Qxa4 10. Nxa4 bxc6 11. b3 Bf5 12. Ba6 Rb8 13. Bf4 Rb4 14. c4
Bg7 15. O-O-O Ne4 16. Rhe1 Nxf2 17. Rd2 Ne4 18. Rde2 O-O 19. Rxe4 Bxe4 20. Rxe4
e5 21. Rxe5 Bxe5 22. Bxe5 f5 23. Bd6 Rbb8 24. c5 Rfe8 25. Bxb8 Rxb8 26. Be2 Kf7
27. Bf3 Rc8 28. Nb2 Kf6 29. Nc4 g5 30. Nd6 Rf8 31. Bxc6 Ke5 32. Bd7 Kd5 33. Nb7
f4 34. c6 f3 35. gxf3 Rxf3 36. Kb2 Rf2+ 37. Kc3 Rf1 38. Kb4 Rc1 39. Kb5 h5 40.
Be8 h4 41. Bf7+ Kd4 42. Bc4 Re1 43. c7 Re8 44. Nd8 Re5+ 45. Ka6 1-0

[Event "29th Czech Open A 2018"]
[Site "Pardubice CZE"]
[Date "2018.07.22"]
[Round "3.41"]
[White "Westerinen, Heikki M.J."]
[Black "Das, Arghyadip"]
[Result "1/2-1/2"]
[WhiteTitle "GM"]
[BlackTitle "IM"]
[WhiteElo "2310"]
[BlackElo "2436"]
[WhiteFideId "500020"]
[BlackFideId "5003610"]
[EventDate "2018.07.20"]

1. e4 c5 2. Nf3 d6 3. d4 Nf6 4. Nc3 cxd4 5. Nxd4 a6 6. a4 e6 7. Be2 Qc7 8. O-O
b6 9. f4 Bb7 10. Bf3 Nc6 11. Nxc6 Bxc6 12. f5 Be7 13. fxe6 fxe6 14. Bh5+ g6 15.
Bg4 Bd7 16. Bh6 Qc5+ 17. Kh1 Nxg4 18. Qxg4 Qh5 19. Qxh5 gxh5 20. Bg7 Rg8 21. Bf6
Rf8 22. Bxe7 Kxe7 23. Kg1 Bc6 24. Rxf8 Rxf8 25. Rf1 Rg8 26. Rf4 Rg5 27. Kf2 Be8
28. g3 Rc5 29. Ke3 b5 30. axb5 axb5 31. Kd2 Rc8 32. b4 Bg6 33. Nxb5 d5 34. exd5
Rxc2+ 35. Ke3 exd5 36. Rf2 Rc4 37. Nd4 Rc3+ 38. Kf4 Kf6 39. Ra2 Rc4 40. Ra6+ Kg7
41. Ke5 Rxb4 42. Kxd5 Rb2 1/2-1/2

[Event "29th Czech Open A 2018"]
[Site "Pardubice CZE"]
[Date "2018.07.22"]
[Round "3.43"]
[White "Obsivac, Josef"]
[Black "Bakalchuk, Johnatan"]
[Result "1-0"]
[WhiteTitle "FM"]
[BlackTitle "IM"]
[WhiteElo "2290"]
[BlackElo "2429"]
[WhiteFideId "303690"]
[BlackFideId "2810301"]
[EventDate "2018.07.20"]

1. d4 Nf6 2. c4 g6 3. Nc3 Bg7 4. e4 d6 5. Nf3 O-O 6. h3 c6 7. Bg5 Na6 8. Be2 Nc7
9. O-O d5 10. exd5 cxd5 11. c5 Ne4 12. Bf4 Ne6 13. Be5 Bxe5 14. Nxe5 f6 15. Nf3
Nf4 16. Bd3 Nxc3 17. bxc3 Nxd3 18. Qxd3 b6 19. cxb6 axb6 20. Rfe1 Qc7 21. Re3
Ra7 22. Rae1 e6 23. Qb1 Bd7 24. R1e2 Rfa8 25. Nh2 Kg7 26. Ng4 h5 27. Nh2 Ra3 28.
Rg3 Be8 29. Rxe6 Rxa2 30. Re1 Bf7 31. Rge3 R2a3 32. Qb2 Ra2 33. Qb1 R2a3 34. Qb2
Ra2 35. Qb1 R8a6 36. Nf3 Qc4 37. Nh4 f5 38. Rg3 Kf6 39. Qc1 Ra1 40. Qg5+ Kg7 41.
Nxf5+ Kg8 42. Qh6 1-0

[Event "29th Czech Open A 2018"]
[Site "Pardubice CZE"]
[Date "2018.07.22"]
[Round "3.44"]
[White "Horvath, Dominik"]
[Black "Jurek, Josef"]
[Result "1-0"]
[WhiteTitle "IM"]
[BlackTitle "IM"]
[WhiteElo "2429"]
[BlackElo "2277"]
[WhiteFideId "1642561"]
[BlackFideId "300993"]
[EventDate "2018.07.20"]

1. Nf3 Nf6 2. c4 e6 3. g3 a6 4. Bg2 b5 5. b3 c5 6. O-O Bb7 7. Nc3 Qb6 8. Re1 d6
9. e4 Nbd7 10. d4 cxd4 11. Nxd4 bxc4 12. bxc4 Qc7 13. Nd5 Qxc4 14. Ba3 exd5 15.
exd5+ Ne5 16. Rc1 Qxa2 17. Qa4+ Nd7 18. Rc7 Bc8 19. Qc6 Kd8 20. Bxd6 Bxd6 21.
Qxd6 Re8 22. Bh3 Qa5 23. Nc6+ 1-0

[Event "29th Czech Open A 2018"]
[Site "Pardubice CZE"]
[Date "2018.07.22"]
[Round "3.45"]
[White "Kopylov, Michael"]
[Black "Kratochvil, Vit1"]
[Result "1-0"]
[WhiteTitle "IM"]
[WhiteElo "2426"]
[BlackElo "2233"]
[WhiteFideId "14105080"]
[BlackFideId "333808"]
[EventDate "2018.07.20"]

1. e4 c5 2. Nf3 Nc6 3. d4 cxd4 4. Nxd4 g6 5. Nc3 Bg7 6. Be3 d6 7. f3 Nf6 8. Qd2
O-O 9. g4 Bxg4 10. fxg4 Nxg4 11. Nb3 a5 12. Bb5 Nce5 13. Nd4 Nxe3 14. Qxe3 e6
15. O-O-O Rc8 16. Kb1 Qh4 17. Be2 Rfd8 18. Qg3 Qxg3 19. hxg3 Nc4 20. Bxc4 Rxc4
21. Ndb5 Be5 22. Rd3 h5 23. b3 Rc6 24. Na4 Kg7 25. Nb2 Rc5 26. a4 d5 27. Nc4
Rdc8 28. exd5 1-0

[Event "29th Czech Open A 2018"]
[Site "Pardubice CZE"]
[Date "2018.07.22"]
[Round "3.46"]
[White "Mehar, Chinna Reddy C.H."]
[Black "Bryzgalin, Kirill"]
[Result "1/2-1/2"]
[WhiteTitle "FM"]
[BlackTitle "GM"]
[WhiteElo "2286"]
[BlackElo "2424"]
[WhiteFideId "5027420"]
[BlackFideId "4133285"]
[EventDate "2018.07.20"]

1. d4 d5 2. Bf4 c6 3. e3 Bf5 4. Bd3 Bg6 5. Nf3 Nd7 6. O-O e6 7. c4 Ngf6 8. Nc3
Be7 9. h3 O-O 10. a3 dxc4 11. Bxc4 a5 12. Bd3 Nd5 13. Bh2 Bxd3 14. Qxd3 a4 15.
Qc2 Qa5 16. Nd2 Qa6 17. Nce4 Rfd8 1/2-1/2

[Event "29th Czech Open A 2018"]
[Site "Pardubice CZE"]
[Date "2018.07.22"]
[Round "3.47"]
[White "Gomes, Mary Ann"]
[Black "Vykouk, Jan"]
[Result "1/2-1/2"]
[WhiteTitle "WGM"]
[BlackTitle "FM"]
[WhiteElo "2284"]
[BlackElo "2419"]
[WhiteFideId "5013623"]
[BlackFideId "349658"]
[EventDate "2018.07.20"]

1. Nf3 c5 2. e4 Nc6 3. Bb5 g6 4. O-O Bg7 5. Re1 Nf6 6. c3 O-O 7. h3 Qb6 8. a4
Na5 9. Na3 d6 10. Nc4 Nxc4 11. Bxc4 e6 12. e5 dxe5 13. Nxe5 Qd6 14. d4 cxd4 15.
cxd4 Nd5 16. b3 a5 17. Ba3 Nb4 18. Qf3 Qxd4 19. Rad1 Qh4 20. Bb5 Qf6 21. Qe4
Qxe5 22. Qxe5 Bxe5 23. Rxe5 b6 24. Bxb4 axb4 25. Bc6 Ra5 26. Rb5 Rxb5 27. axb5
e5 28. Re1 Be6 29. Rxe5 Bxb3 30. Re4 Kg7 31. Rxb4 Be6 32. Rd4 Kf6 33. f4 Ke7 34.
Kf2 Rd8 35. Ke3 Rxd4 36. Kxd4 Kd6 37. g4 h6 38. g5 hxg5 39. fxg5 Bxh3 40. Bd5
Be6 41. Be4 Bb3 42. Bb7 Ba4 43. Bd5 f6 44. gxf6 Bxb5 45. Ke4 Bd7 46. Kf4 Be6 47.
f7 Bxf7 48. Bxf7 1/2-1/2

[Event "29th Czech Open A 2018"]
[Site "Pardubice CZE"]
[Date "2018.07.22"]
[Round "3.48"]
[White "Erenberg, Ariel"]
[Black "Bartos, Jan"]
[Result "1-0"]
[WhiteTitle "IM"]
[BlackTitle "FM"]
[WhiteElo "2413"]
[BlackElo "2153"]
[WhiteFideId "2811634"]
[BlackFideId "315060"]
[EventDate "2018.07.20"]

1. d4 Nf6 2. c4 e6 3. Nc3 Bb4 4. f3 d5 5. a3 Bxc3+ 6. bxc3 c5 7. cxd5 Nxd5 8.
dxc5 f5 9. Nh3 Qa5 10. e4 fxe4 11. fxe4 Nf6 12. Nf2 O-O 13. Qd4 Nc6 14. Qc4 Ne5
15. Qb4 Qc7 16. Be2 Nc6 17. Qc4 Na5 18. Qb4 Nc6 19. Qa4 Qe5 20. Qc4 Na5 21. Qd4
Qxd4 22. cxd4 Nb3 23. Rb1 Nxd4 24. Bc4 Kh8 25. O-O e5 26. Bb2 Be6 27. Bxe6 Nxe6
28. Bxe5 Nxc5 29. Bd6 Rfc8 30. e5 Nfd7 31. Ng4 Kg8 32. Ne3 b6 33. Nd5 Rd8 34.
Nc7 Rac8 35. Be7 Nxe5 36. Bxd8 Rxd8 37. Nb5 a6 38. Nc7 b5 39. Rf5 Ned3 40. Rd1
Rd7 41. Nd5 a5 42. Rb1 b4 43. axb4 axb4 44. Nxb4 g6 45. Nxd3 Nxd3 46. Rb8+ Kg7
47. Rfb5 Nf4 48. R5b7 Rxb7 49. Rxb7+ Kh6 50. Kf2 Nh5 51. Rf7 g5 52. Ke3 Kg6 53.
Ra7 Nf6 54. Kd4 Kf5 55. Ra5+ Kg6 56. h3 Nh5 57. Ra6+ Kg7 58. Ke4 Nf4 59. Kf3 h6
60. h4 1-0

[Event "29th Czech Open A 2018"]
[Site "Pardubice CZE"]
[Date "2018.07.22"]
[Round "3.49"]
[White "Kenneskog, Theodor"]
[Black "Plischki, Sebastian"]
[Result "0-1"]
[WhiteTitle "FM"]
[BlackTitle "IM"]
[WhiteElo "2273"]
[BlackElo "2413"]
[WhiteFideId "1715011"]
[BlackFideId "4637143"]
[EventDate "2018.07.20"]

1. d4 Nf6 2. c4 g6 3. Nc3 Bg7 4. e4 d6 5. Be2 O-O 6. Be3 Na6 7. g4 c5 8. d5 e6
9. f3 exd5 10. cxd5 Nc7 11. a4 a6 12. Qd2 Rb8 13. Rb1 b5 14. axb5 Nxb5 15. Nxb5
axb5 16. Bd3 Re8 17. Ne2 Nd7 18. Ng3 Ne5 19. O-O Nxd3 20. Qxd3 b4 21. b3 Ra8 22.
Qc2 Ba6 23. Rfe1 Bb5 24. Bc1 Qb6 25. Bf4 c4+ 26. Kh1 cxb3 27. Qxb3 Bc3 28. Rec1
Qf2 29. Rxc3 bxc3 0-1

[Event "29th Czech Open A 2018"]
[Site "Pardubice CZE"]
[Date "2018.07.22"]
[Round "3.50"]
[White "Fenil, Shah"]
[Black "Machlik, Edit"]
[Result "1-0"]
[WhiteTitle "IM"]
[WhiteElo "2411"]
[BlackElo "2046"]
[WhiteFideId "5019850"]
[BlackFideId "1513591"]
[EventDate "2018.07.20"]

1. e4 c6 2. Nc3 d5 3. Qe2 d4 4. Nd1 e5 5. d3 c5 6. g3 Nc6 7. f4 Bd6 8. Nf3 Nge7
9. f5 f6 10. Bg2 Bd7 11. g4 h6 12. h4 Qc7 13. c3 O-O-O 14. Bd2 Kb8 15. Rb1 Be8
16. c4 a6 17. a3 Ka8 18. b4 Na7 19. Kf2 Rb8 20. Nb2 b6 21. Qd1 Qd7 22. g5 hxg5
23. hxg5 Rxh1 24. Qxh1 Nec6 25. gxf6 gxf6 26. b5 axb5 27. cxb5 Na5 28. Bxa5 bxa5
29. Nc4 Bf7 30. Qh7 Bf8 31. Nfxe5 fxe5 32. Nxe5 Qc7 33. Nxf7 Qf4+ 34. Kg1 Qe3+
35. Kh1 Re8 36. e5+ Kb8 37. f6 Nc8 38. b6 c4 39. Nd8 Ne7 40. Nc6+ Nxc6 41. Qc7+ 1-0

[Event "29th Czech Open A 2018"]
[Site "Pardubice CZE"]
[Date "2018.07.22"]
[Round "3.51"]
[White "Perov, German"]
[Black "Yankelevich, Lev"]
[Result "0-1"]
[BlackTitle "IM"]
[WhiteElo "2256"]
[BlackElo "2411"]
[WhiteFideId "44111410"]
[BlackFideId "24684074"]
[EventDate "2018.07.20"]

1. e4 e5 2. Nf3 Nc6 3. Nc3 Nf6 4. d4 exd4 5. Nxd4 Bb4 6. Nxc6 bxc6 7. Bd3 d5 8.
exd5 O-O 9. O-O cxd5 10. Bg5 Be6 11. Qf3 Be7 12. h3 h6 13. Bh4 Rb8 14. b3 Rb4
15. Bg3 Bd6 16. Nb5 Bxg3 17. Qxg3 c6 18. Nd6 Nh5 19. Qe5 Nf4 20. Rae1 f6 21.
Qxf4 Rxf4 22. Rxe6 f5 23. Rfe1 Re4 24. Nxe4 fxe4 25. Bf1 Qd7 26. Re5 Qf7 0-1

[Event "29th Czech Open A 2018"]
[Site "Pardubice CZE"]
[Date "2018.07.22"]
[Round "3.52"]
[White "Murray, David"]
[Black "Sadhwani, Raunak"]
[Result "0-1"]
[BlackTitle "FM"]
[WhiteElo "2112"]
[BlackElo "2409"]
[WhiteFideId "2501511"]
[BlackFideId "35093487"]
[EventDate "2018.07.20"]

1. e4 c6 2. d4 d5 3. Nd2 dxe4 4. Nxe4 Bf5 5. Ng3 Bg6 6. h4 h6 7. Nf3 Nd7 8. h5
Bh7 9. Bd3 Bxd3 10. Qxd3 e6 11. Bd2 Ngf6 12. O-O-O Be7 13. Kb1 O-O 14. Ne4 Nxe4
15. Qxe4 Nf6 16. Qe2 Qd5 17. Be3 Qb5 18. c4 Qf5+ 19. Ka1 c5 20. Nh4 Qh7 21. d5
exd5 22. cxd5 Rad8 23. Bxh6 Rfe8 24. Bg5 Qe4 25. Rhe1 Qxe2 26. Rxe2 Nxd5 27.
Rde1 f6 28. Bd2 Kf7 29. Kb1 Rd7 30. Ng6 Red8 31. Kc2 c4 32. a3 Bc5 33. Re4 b5
34. Ba5 Rc8 35. R1e2 Ne7 36. Nxe7 Bxe7 37. Rd2 Rxd2+ 38. Kxd2 Bd8 39. Bxd8 Rxd8+
40. Ke2 Rd5 41. g4 f5 42. gxf5 Rxf5 43. Rh4 Rf6 44. a4 a6 45. axb5 axb5 46. Ke3
Kg8 47. f4 Rd6 48. Rh2 Rd3+ 49. Ke4 Kh7 50. f5 Kh6 51. Kf4 Rd1 52. Rf2 Rh1 53.
Ke4 Rh4+ 54. Kd5 Rh3 55. Kc5 Rb3 56. Rg2 Kh7 57. Kd4 Rf3 58. Ke4 Rh3 59. Rf2 Rb3
60. Kd4 Kg8 61. Ke5 Rh3 62. Kd5 Kf7 63. Kc5 Rb3 64. Kd5 Kf6 65. Ke4 Rh3 66. Kd4
Rxh5 67. Kc5 Rxf5+ 68. Rxf5+ Kxf5 69. Kxb5 g5 70. Kxc4 Ke4 71. Kc3 Ke3 72. Kc4
g4 0-1

[Event "29th Czech Open A 2018"]
[Site "Pardubice CZE"]
[Date "2018.07.22"]
[Round "3.53"]
[White "Potapov, Alexander1"]
[Black "Harshini, A"]
[Result "1-0"]
[WhiteTitle "GM"]
[BlackTitle "WFM"]
[WhiteElo "2404"]
[BlackElo "2037"]
[WhiteFideId "4115074"]
[BlackFideId "25008986"]
[EventDate "2018.07.20"]

1. d4 Nf6 2. c4 e6 3. Nf3 d5 4. Nc3 Bb4 5. g3 O-O 6. Bg2 a5 7. O-O c6 8. c5 Bxc3
9. bxc3 b6 10. cxb6 Qxb6 11. Ba3 Re8 12. Rb1 Qc7 13. c4 Nbd7 14. Qc2 Ba6 15.
cxd5 exd5 16. Rfe1 Nb6 17. Ne5 Nc4 18. Nxc4 Bxc4 19. e4 Qc8 20. e5 Nd7 21. Bh3
Qc7 22. Bd6 Qa7 23. Qd2 Nf8 24. Bc5 Qc7 25. f4 Ne6 26. Bd6 Qa7 27. Red1 f6 28.
Bxe6+ Rxe6 29. f5 Ree8 30. e6 g6 31. Qh6 Qg7 32. Qxg7+ Kxg7 33. Rb7+ Kg8 34. Rf7
gxf5 35. Rxf6 Bxa2 36. Rf1 a4 37. e7 Bc4 38. R1xf5 Bd3 39. Rf8+ Kg7 40. Be5+ Kh6
41. R8f6+ Kg7 42. Rg5+ Bg6 43. Rfxg6+ Kf7 44. Rf6+ Kxe7 45. Rg7+ Kd8 46. Rd6+
Kc8 47. Rxc6+ Kd8 48. Bf6+ 1-0